| 000 | 00441nam a22001577a 4500 | ||
|---|---|---|---|
| 005 | 20241115130224.0 | ||
| 008 | 241115b |||||||| |||| 00| 0 eng d | ||
| 020 | _a8120317416 | ||
| 050 |
_aHA 29 SAR _bxiii,257p, |
||
| 100 | _aSarma K. V. S | ||
| 245 |
_astatistics made simple: _bDo it yourself on PC |
||
| 260 |
_aNew Delhi _bPrentice-Hall of India _c2002c |
||
| 300 | _axiii,257p. | ||
| 500 | _aappendix, tablesindex | ||
| 942 |
_2lcc _cBK _n0 |
||
| 999 |
_c1251 _d1251 |
||